The quotidian revolution: (Record no. 145749)
[ view plain ]
| 000 -LEADER | |
|---|---|
| fixed length control field | 00885nam a2200217 4500 |
| 005 - DATE AND TIME OF LATEST TRANSACTION | |
| control field | 20180731142257.0 |
| 010 ## - LCCN (DPL NO) | |
| LC control number | 1718EN-30 ENG-123633 |
| 020 ## - INTERNATIONAL STANDARD BOOK NUMBER | |
| International Standard Book Number | 9788178244952 |
| Terms of availability | 495.00 |
| 035 ## - SYSTEM CONTROL NUMBER | |
| System control number | B-682963-964 EN-107165 |
| 037 ## - SOURCE OF ACQUISITION | |
| Source of stock number/acquisition | Aakar |
| Stock number | dpl |
| 037 ## - SOURCE OF ACQUISITION | |
| Source of stock number/acquisition | DBAD/PUB |
| 082 ## - DEWEY DECIMAL CLASSIFICATION NUMBER | |
| Item number | NOV |
| Classification number | 891.4609 |
| 082 ## - DEWEY DECIMAL CLASSIFICATION NUMBER | |
| Classification number | 861.09 |
| 100 ## - MAIN ENTRY--PERSONAL NAME | |
| Personal name | Novetzke, Christian Lee |
| 245 ## - TITLE STATEMENT | |
| Title | The quotidian revolution: |
| Statement of responsibility, etc | by Christian Lee Novetzke |
| Remainder of title | vernacularization, religion and the premodern public sphere in India / |
| 260 ## - PUBLICATION, DISTRIBUTION, ETC. (IMPRINT) | |
| Place of publication, distribution, etc | Ranikhet |
| Name of publisher, distributor, etc | Permanent Black |
| Date of publication, distribution, etc | 2017 |
| 270 ## - ADDRESS | |
| Address | Himalayana, Mall Road, Ranikhet Cantt. |
| City | Ranikhet |
| Postal code | 263645 |
| 300 ## - PHYSICAL DESCRIPTION | |
| Extent | xxiv, 402p. |
| Other physical details | 21cm(hb) |
| 942 ## - ADDED ENTRY ELEMENTS (KOHA) | |
| Source of classification or shelving scheme | Dewey Decimal Classification |
| Item type | English Books |
| Call number suffix | NOV |
| Classification part | 891.4609 |
| Withdrawn status | Lost status | Not for loan | Collection code | Home library | Current library | Date acquired | Source of acquisition | Cost, normal purchase price | Full call number | Barcode | Copy number | Cost, replacement price | Koha item type |
|---|---|---|---|---|---|---|---|---|---|---|---|---|---|
| Non-fiction | Ashok Vihar | Ashok Vihar | 05/01/2018 | Aakar/I-2013/30.11.2017/BPPD/EN/2017-18/20.11.17/14.12.2017 | 495.00 | 891.4609 NOV | B-682964 | 1 | 495.00 | English Books | |||
| Non-fiction | Central Library | Central Library | 05/01/2018 | Aakar/I-2013/30.11.2017/BPPD/EN/2017-18/20.11.17/14.12.2017 | 495.00 | 891.4609 NOV | B-682963 | 1 | 495.00 | English Books | |||
| Not For Loan | Non-fiction | D.B.Act.Division | Sarojini Nagar | 31/07/2018 | DBAD/PUB | 495.00 | 891.4609 NOV | EN-107165 | 1 | 495.00 | English Books |
